Quizzes
Events
Quiz Creation
Community
Videos
Private Events
Remove Ads
Sign In
Join for FREE
Feedback
Dark Mode
Quiz Categories
Sports
Geography
Music
Movies
Television
Just For Fun
Miscellaneous
History
Literature
Language
Science
Gaming
Entertainment
Religion
Holiday
For Kids
Quiz Lab
Recent
Popular Today
Quiz Kudos Today
Editor Picks
Curator Picks
Quizzes by...
Day
Popularity
Type
Ratings
Length
Year
Community
Subscriptions
Recent Discussions
Orange Saloon
Badges
Playlists
Quests
Create
Leaderboards
Showdown
Live 5
Trivia Bingo
Activity
Puzzle Library
Sporcle Events
Private Events
Virtual Trivia
Globe League
Become a Host
Pub Owners
SporcleCon
Opinionation
Our Games
Videos
Blog
Mobile Apps
Partnerships
Remove Ads and Go Orange
Feedback
Religion
Mythology
Religious Music
World Religions
Bible
Christianity
Catholicism
Judaism
Church
Scripture
Islam
Verse
Religion
Mythology
Religious Music
World Religions
Bible
Christianity
Catholicism
Judaism
Church
Scripture
Islam
Verse
Random Quiz
Search Sporcle
×
Quiz Lab
Quiz Lab
Religion
place
Type in answers that appear in a list
Type in answers that appear in a list
Classic
Best Score? Go Orange.
Most Mentioned (Nevi'im or Prophets) Stats
Can you name the Most Mentioned people and places in the Nevi'im (Prophets)?
By
mathaytes
6m
31 Questions
18 Plays
18 Plays
18 Plays
Comments
Comments
Give Quiz Kudos
Give Quiz Kudos
-
- Ratings
hide this ad
Replay
Link that replays current quiz
Next Quiz
Link to next quiz in quiz playlist
You Got
0%
They Got
Avg Score
35%
Avg Friend Score
Upgrade to see
Score Distribution
Jump to the score distribution portion of the page
Score
0/31
Timer
06:00
0
Plays Today
Hint
Answer
% Correct
73
Moses
72.2%
971
Israel
66.7%
672
David
66.7%
178
Joshua
61.1%
129
Samuel
55.6%
161
Solomon
50%
109
Jerusalem
50%
204
Judah
44.4%
62
Elijah
44.4%
58
Elisha
44.4%
363
Saul
38.9%
66
Samaria
38.9%
1365
Yahweh
33.3%
44
Moab
33.3%
114
Jordan
27.8%
80
Aram
27.8%
Hint
Answer
% Correct
78
Jeroboam
27.8%
76
Ahab
27.8%
76
Egypt
27.8%
48
Assyria
27.8%
44
Hebron
27.8%
105
Absalom
22.2%
77
Benjamin
22.2%
60
Abner
22.2%
59
Manasseh
22.2%
56
Ephraim
22.2%
47
Jehu
22.2%
117
Joab
16.7%
70
Jonathan
16.7%
52
Gilead
16.7%
52
Ammon
16.7%
Quiz Playlist
Details
Report
Send in Message
Add To Playlist
Classic:
Type in answers that appear in a list
Last Updated: Feb 16, 2017
Quiz Scoreboard
CHALLENGE
Sign Up to Join the Scoreboard
Show All
Scores
Hide
Comments
May contain spoilers
Recently Published
TV Characters by Other Roles V
by ghcgh
Television
5m
Decade Duel: World Leaders
by jenniferyan
History
4m
Alphabetical 'K' Countries by Flag Minefield
by ylime102
Geography
3m
More to Explore
Quiz From the Vault
Featured Blog Post
15 Basketball Trivia Facts You Can Be March Mad About
hide this ad
You Might Also Like...
Tags
place
prophet
Today's Top Quizzes in Religion
Browse Religion
hide this ad
Today's Top Quizzes in place
Browse place
Top Contributed Quizzes in Religion
1
4-to-1 Blitz: The Bible
2
4-to-1 Blitz: Judaism
3
Follow That Line: Easter Verses
4
Get the Picture: Seasonal Deities
5
Bible Bunker: Genesis
6
Verse Map Reveal
7
Quick Pick: Continental Religions
8
Word Ladder: Mythological Mothers
9
Word Ladder: Holy Books
10
Complete the Bible Duos
Explore More
Trending Topics
Disney
Crossword
Harry Potter
Kpop
Anime
NBA
Marvel
Song
Soccer
NFL
WWE
Puzzle
The Office
Pokémon
Country
hide this ad
More By:
mathaytes
Quiz
Plays
Rating
Category
Featured
Created
True or False: Odd Geography
497
3.63
Geography
Mar 15, 2016
Presidential Military Veterans
475
4.20
History
Apr 17, 2015
Common DOS Commands
301
4.00
Language
Feb 11, 2017
Most Mentioned (Torah)
242
5.00
Religion
May 27, 2016
Bible First Mention
205
4.50
Religion
Mar 22, 2016
Go to Creator's Profile
Score Distribution
Quiz Creator Spotlight
mathaytes
Follow
Send a Message
Quizzes Created
-
Created Quiz Play Count
-
More By This Creator
Popular Quizzes Today
1
Countries of Asia Without Outlines Minefield
2
Find the US States - No Outlines Minefield
3
Pick 6: Fruits
4
The Countries of the World
5
Find the Countries of Europe - No Outlines Minefield
6
Alphabetical 'K' Countries by Flag Minefield
7
Find the US States
8
US States
More Religion Quizzes
Religious Views
Editor's Pick
Trending Quizzes
Pick 6: Mountains
Pick 6: Harry Potter
Pick 6: NFL Teams
Pick 6: Flags
C Names for Actors
Recently Updated
Adaptations: Name the Title
pecheneg
NWSL Teams
pecheneg
Women's Final Four Teams by Year
bhenderson79
Presidents Quartet II
eogle
Anything But Clue(do)
eogle
Anything But Oceanian Capitals
eogle
Anything But 7
eogle
Anything But Thing
eogle
Word Ladder: February 29
pecheneg
Song Title Questions
pecheneg
Trending Topics
Crossword
Marvel
NBA
Kpop
Anime
Harry Potter
Disney
Country
Pokémon
WWE
NFL
Soccer
The Office
Song
Puzzle
Your Account Isn't Verified!
In order to create a playlist on Sporcle, you need to verify the email address you used during registration. Go to your
Sporcle Settings
to finish the process.
Report this User
Report this user for behavior that violates our
Community Guidelines
.
Details:
Send Report
Go to the Sporcle.com Mobile Site →
Comments